000
00244nam a2200097Ia 4500
001
796480
005
20250826170748.0
008
250824s9999 xx 000 0 und d
245
0
_a
VATAN YAHUT SİLİSTRE
_c
NAMIK KEMAL
260
_b
PARILTI YAYINLARI
999
_c
796480
_d
796480